Every Top 100 Girls' Names (2000s) Quiz Stats

 Plays Quiz Updated Apr 28, 2018

Challenge
Share
Tweet
Embed
Score 0/144 Timer 20:00
4 Plays Today
Top Rank Name % Correct
1Emily
85.2%
1Emma
83.3%
83Isabel
81.7%
57Sara
81.3%
19Anna
79.1%
5Sarah
79%
9Elizabeth
78.7%
3Olivia
78.3%
46Mary
77.1%
2Hannah
77%
8Jessica
74.9%
1Isabella
72.2%
26Jennifer
71.9%
33Katherine
67.6%
21Rachel
67%
81Catherine
66.2%
40Maria
65.4%
2Madison
64.6%
20Victoria
64.6%
7Samantha
64.2%
85Laura
63%
11Lauren
62.6%
4Ashley
61.3%
4Sophia
61.2%
47Zoe
61.1%
27Julia
60.9%
32Amanda
60.4%
97Katie
59.9%
13Grace
59.4%
4Abigail
58.7%
39Rebecca
58.6%
39Alexa
57.8%
9Chloe
57.5%
18Megan
57.1%
65Sophie
56.1%
73Christina
56%
4Ava
55.9%
52Michelle
55.6%
18Lily
55.2%
15Ella
55.1%
31Nicole
54.9%
30Allison
54.8%
36Alexandra
53.5%
40Stephanie
52.9%
71Melissa
52.3%
68Charlotte
52%
13Natalie
51.9%
10Taylor
50.6%
Top Rank Name % Correct
62Caroline
49.6%
99Eva
49.6%
79Isabelle
49%
5Alexis
48.9%
48Danielle
48.7%
90Molly
48.5%
54Kimberly
47.9%
55Amelia
46.9%
10Mia
45.5%
58Bella
45.4%
60Erin
45%
13Kayla
45%
15Brianna
44.3%
77Angela
44%
48Andrea
43.9%
53Claire
43.7%
61Brittany
43.7%
47Amber
43.4%
62Vanessa
43.3%
29Leah
43.1%
90Diana
43%
56Madeline
43%
45Jenna
42.6%
12Alyssa
42.6%
25Jasmine
42.6%
23Hailey
41.4%
75Zoey
41.4%
25Morgan
41.2%
45Jordan
40.5%
59Courtney
40.5%
40Evelyn
40.5%
12Addison
40.3%
51Kylie
39.3%
33Gabriella
39.2%
81Melanie
38.9%
49Gabrielle
38.5%
30Kaitlyn
38.3%
28Haley
38%
44Audrey
37.9%
43Brooke
37.3%
35Sofia
37.1%
89Kathryn
36.7%
48Faith
36.5%
27Lillian
36.4%
86Jade
35.2%
40Mackenzie
34.9%
32Avery
34.6%
76Caitlin
34.4%
Top Rank Name % Correct
30Savannah
34.3%
64Jacqueline
34%
52Katelyn
33.9%
38Riley
33.8%
41Aubrey
32.5%
91Alexandria
32.3%
47Paige
32.2%
57Maya
31.9%
43Angelina
31.4%
73Ariana
31.3%
26Kaylee
31%
37Brooklyn
30.7%
100Cassandra
30.6%
68Bailey
30.4%
52Arianna
29.9%
22Destiny
29%
23Sydney
28.8%
88Kelsey
28.3%
83Briana
28.1%
78Marissa
27.8%
59Madelyn
27.4%
94Natalia
26.8%
95Khloe
26.4%
42Peyton
25.8%
46Layla
25.7%
94Gracie
25.2%
31Nevaeh
24.6%
37Makayla
24.5%
72Autumn
24.3%
75Jada
24.3%
75Mariah
23.8%
50Jocelyn
23.7%
53Sierra
23.5%
83Leslie
22.8%
84Payton
22%
92Sabrina
20.9%
72Valeria
20.8%
48Trinity
20%
68Shelby
19.8%
98Mya
19.6%
63Aaliyah
19.3%
76Gianna
18.5%
79Breanna
18.1%
94Serenity
15.2%
80Camila
14.7%
99Cheyenne
14.4%
83Genesis
14.1%
99Jayla
13%

You're not logged in!

Compare scores with friends on all Sporcle quizzes.
Join for Free
OR
Log In

You Might Also Like...

Show Comments

Extras

Top Quizzes Today


Score Distribution

Your Account Isn't Verified!

In order to create a playlist on Sporcle, you need to verify the email address you used during registration. Go to your Sporcle Settings to finish the process.

Report this User

Report this user for behavior that violates our Community Guidelines.

Details: